Kirjaimella B alkavia Euroopan kaupunkeja - karttavisa - Statistics

Yleistilastot
  • Tätä visaa on pelattu 506 kertaa
  • Keskiarvotulos 18 / 24
Vastaukset kartalla
Vastauksille on annettu kartalla punavihreä väri sen mukaan, kuinka moni on saanut sen oikein.
 
Vastaustilastot
Vastaus % Oikein
Barcelona
92%
Berliini
88%
Birmingham
88%
Belfast
87%
Bordeaux
84%
Bristol
83%
Bukarest
81%
Bergen
80%
Bodø
80%
Bilbao
77%
Bryssel
77%
Budapest
77%
Bologna
76%
Bydgoszcz
74%
Belgrad
72%
Basel
70%
Brno
70%
Brugge
69%
Bern
68%
Bremen
68%
Brescia
65%
Burgas
61%
Brest
58%
Bari
56%
Ehtoja vastaavia visoja ei löytynyt
Tulosjakauma
Jokaisen tuloksen saaneiden osuus
Persentiili vastausten määrän mukaan
Tuloshistoriasi
Et ole pelannut tätä visaa